00575nam a2200121Ia 4500008004100000100003200041245011400073245012800187260005300315260000900368650001500377856006100392170221s9999 xx 000 0 und d aManvender Kaur Sarjit Singh 4aThe Structural Linguistics Patterns of the Written Component of the Malaysian University English Test (MUET)  cManvender Kaur Sarjit Singh, Sarimah Shamsudin, Hishamuddin Isam, Naginder Kaur, Gurmit Singh Pertap Singh, Anita Kanestion bInternational Review of Management and Marketing c2012 xMarketing. uhttp://www.econjournals.com/index.php/irmm/issue/view/91